000
00234nam a2200097Ia 4500
008
220204s9999 xx 000 0 und d
082
_a
058(394)
_b
ARA
245
0
_a
Arabian yearbook 1983
260
_a
Kuwait
_b
Shuwaikh
_c
1983
942
_c
BK
999
_c
37086
_d
37086